[Event "World Cup U12 Girls Prel"]
[Site "Tornelo INT"]
[Date "2021.08.16"]
[Round "7"]
[White "Sarvani, Cheedella"]
[Black "Schipina, Anna"]
[Result "1-0"]
[WhiteElo "1330"]
[BlackElo "1186"]
[PlyCount "131"]
[EventDate "2021.08.16"]
[EventType "swiss (rapid)"]
[EventRounds "10"]
[EventCountry "NET"]
[SourceTitle "EXT 2025"]
[Source "ChessBase"]
[SourceDate "2024.10.14"]
[SourceVersion "1"]
[SourceVersionDate "2024.10.14"]
[SourceQuality "1"]

1. d4 d5 2. c4 c6 3. cxd5 cxd5 4. Bf4 Nf6 5. e3 Bf5 6. Nf3 e6 7. Ne5 Bb4+ 8. Nc3 0-0 9. g4 Bg6 10. h4 h5 11. Bg5 Qa5 12. Qb3 Ne4 13. Rc1 Rc8 14. Be2 Nxc3 15. bxc3 Bxc3+ 16. Kf1 hxg4 17. Nxg6 fxg6 18. Bxg4 Rc6 19. Bxe6+ Rxe6 20. Qxc3 Qxc3 21. Rxc3 Nc6 22. Rc5 Rd6 23. Bf4 Rd7 24. h5 Nb4 25. hxg6 Nd3 26. Rc7 Rxc7 27. Bxc7 Rc8 28. Ke2 Nxf2 29. Kxf2 Rxc7 30. Kf3 Rc6 31. Rg1 Kf8 32. Kf4 Re6 33. Rg5 Ke7 34. Re5 b5 35. Rxd5 b4 36. Rb5 Rxg6 37. Rxb4 Ra6 38. a4 Ra5 39. e4 g5+ 40. Kg4 Kf6 41. e5+ Kg6 42. Rc4 Rd5 43. Rc6+ Kf7 44. Kxg5 Rxd4 45. Kf5 Rxa4 46. Rc7+ Ke8 47. Ke6 Ra6+ 48. Kf5 Ra5 49. Kf6 Kd8 50. Rh7 Ra1 51. Rg7 Rf1+ 52. Ke6 a5 53. Rg8+ Kc7 54. Ke7 a4 55. Ra8 Re1 56. e6 Re4 57. Kf7 Rf4+ 58. Ke8 Kd6 59. e7 Re4 60. Kd8 a3 61. Rxa3 Rb4 62. Rd3+ Kc5 63. e8Q Rb8+ 64. Ke7 Rxe8+ 65. Kxe8 Kc4 66. Rd7 1-0

[Event "World Cup U12 Girls Prel"]
[Site "Tornelo INT"]
[Date "2021.08.16"]
[Round "10"]
[White "Yu, Avery"]
[Black "Sarvani, Cheedella"]
[Result "0-1"]
[WhiteElo "1376"]
[BlackElo "1330"]
[PlyCount "106"]
[EventDate "2021.08.16"]
[EventType "swiss (rapid)"]
[EventRounds "10"]
[EventCountry "NET"]
[SourceTitle "EXT 2025"]
[Source "ChessBase"]
[SourceDate "2024.10.14"]
[SourceVersion "1"]
[SourceVersionDate "2024.10.14"]
[SourceQuality "1"]

1. e4 d6 2. d4 Nf6 3. Nc3 c6 4. Be3 g6 5. Qd2 Bg7 6. 0-0-0 0-0 7. f4 Ng4 8. Be2 Nxe3 9. Qxe3 Qb6 10. Nf3 e5 11. fxe5 dxe5 12. Bc4 Rd8 13. Ne2 Bg4 14. h3 exd4 15. Nfxd4 Bxe2 16. Qxe2 Rxd4 17. c3 Rxd1+ 18. Rxd1 Bh6+ 19. Kb1 Qe3 20. Qg4 Na6 21. Rf1 Rf8 22. Qh4 Bg5 23. Qg4 h5 24. Bxf7+ Rxf7 25. Qc8+ Kg7 26. Rxf7+ Kxf7 27. Qxb7+ Be7 28. Qxa6 Qe1+ 29. Kc2 Qxe4+ 30. Kb3 Qd5+ 31. Kc2 Qxg2+ 32. Kb3 Qd5+ 33. Kc2 Qc5 34. Qf1+ Bf6 35. Qf3 Qf5+ 36. Qxf5 gxf5 37. Kd3 Ke6 38. b4 f4 39. Ke4 Bxc3 40. Kxf4 h4 41. Kg4 Be1 42. a4 Kd5 43. b5 cxb5 44. axb5 Kc5 45. Kf3 Kxb5 46. Ke2 Bg3 47. Kd3 Kb4 48. Kc2 a5 49. Kb2 a4 50. Ka2 a3 51. Ka1 Kb3 52. Kb1 a2+ 53. Ka1 Be5# 0-1